| 000 | 01521nam a2200361 a 4500 | ||
|---|---|---|---|
| 001 | 3549511 | ||
| 003 | ARRUPE | ||
| 005 | 20160414092246.0 | ||
| 008 | 960626s1995 sw a b 000 0 eng d | ||
| 010 | _a 97133026 | ||
| 020 | _a9186472232 | ||
| 035 | _a(OCoLC)35034257 | ||
| 040 |
_aCU _cCU _dDLC |
||
| 042 | _alccopycat | ||
| 043 | _af-ke--- | ||
| 050 | 0 | 0 |
_aLA1561 _b.N34 1995 |
| 082 | 0 | 0 |
_a370/.96762 _221 |
| 100 | 1 |
_aNärman, Anders. _923778 |
|
| 245 | 1 | 0 |
_aEducation and nation building in Kenya : _bperspectives on modernization, global dependency, and local development alternatives / _cAnders Närman. |
| 260 |
_aGöteborg, Sweden : _bDept. of Human and Economic Geography, Göteborg University, _c1995. |
||
| 300 |
_avi, 299 p. : _bill. ; _c24 cm. |
||
| 490 | 1 |
_aPublications edited by the departments of geography, Göteborg University. Series B ; _vno. 88 |
|
| 500 | _aOriginally presented as the author's thesis--Göteborg University. | ||
| 504 | _aIncludes bibliographical references (p. 275-299). | ||
| 650 | 0 |
_aEducation _zKenya. _923779 |
|
| 650 | 0 |
_aEducation and state _zKenya. _923780 |
|
| 650 | 0 |
_aEducation _xEconomic aspects _zKenya. _923781 |
|
| 650 | 0 |
_aEducational equalization _zKenya. _923782 |
|
| 830 | 0 |
_aMeddelanden från Göteborgs universitets geografiska institutioner. _nSerie B ; _vnr. 88. _923783 |
|
| 906 |
_a7 _bcbc _ccopycat _d3 _encip _f19 _gy-gencatlg |
||
| 942 |
_2lcc _cMONOGRAPH |
||
| 999 |
_c124612 _d124612 |
||